000 00688cam a2200253 a 4500
005 20260322212037.0
008 data
010 _a 2004270414
020 _a1581345283 (pbk.)
020 _a9781581345285 (pbk.)
040 _aDLC
_cDLC
_dDLC
050 0 0 _aPS3566.E691317
_bT4 2003
082 0 0 _a813/.54
_222
099 _aPERET F
100 1 _aPeretti, Frank E.
245 1 0 _aThis present darkness /
_cFrank E. Peretti.
260 _aWheaton, Ill. :
_bCrossway Books,
_cc2003.
300 _a375 p. ;
_c22 cm.
650 0 _aNew Age movement
_vFiction.
650 0 _aBaal (Canaanite deity)
_vFiction.
655 7 _aChristian fiction.
_2gsafd
655 7 _aAllegories.
_2gsafd
001 data
999 _c860
_d860